Bizalom| Hitelesség| Őszinteség
Elmentve itt :
| Szerző: | |
|---|---|
| Adatforrás: | Philobibl |
| Forrásdokumentuma: | Korunk 23.2012:1. p. 6-12. |
| Dokumentumtípus: | Cikk |
| Nyelv: | magyar |
| Kulcsszavak: | politikai filozófia hatalom bizalom nyilvánosság társadalom |
| LEADER | 00476nab a2200169 c 4500 | ||
|---|---|---|---|
| 001 | bibPHI0042215 | ||
| 005 | 20200924124710.4 | ||
| 008 | 110127s2012 rm hun | ||
| 035 | |a human/philobibl/41413 | ||
| 100 | 1 | |a Tamás Gáspár Miklós | |
| 245 | 1 | 0 | |a Bizalom| Hitelesség| Őszinteség |c Tamás Gáspár Miklós |
| 695 | |a politikai filozófia | ||
| 695 | |a hatalom | ||
| 695 | |a bizalom | ||
| 695 | |a nyilvánosság | ||
| 695 | |a társadalom | ||
| 773 | 0 | |t Korunk |g 23.2012:1. p. 6-12. | |